<?xml version="1.0" encoding="UTF-8"?>
<record
    xmlns:xsi="http://www.w3.org/2001/XMLSchema-instance"
    xsi:schemaLocation="http://www.loc.gov/MARC21/slim http://www.loc.gov/standards/marcxml/schema/MARC21slim.xsd"
    xmlns="http://www.loc.gov/MARC21/slim">

  <leader>01009nam a22001935i 4500</leader>
  <controlfield tag="001">160399</controlfield>
  <controlfield tag="003">ES-MaACL</controlfield>
  <controlfield tag="005">20251014063232.0</controlfield>
  <controlfield tag="008">010201m18891895fr af        |||| | fre d</controlfield>
  <datafield tag="040" ind1=" " ind2=" ">
    <subfield code="a">CAM </subfield>
    <subfield code="b">spa </subfield>
    <subfield code="c">CAM</subfield>
  </datafield>
  <datafield tag="100" ind1="1" ind2=" ">
    <subfield code="a">M&#xFC;ntz, Eug&#xE8;ne, </subfield>
    <subfield code="d">1845-1902</subfield>
    <subfield code="9">130373</subfield>
  </datafield>
  <datafield tag="245" ind1="1" ind2="0">
    <subfield code="a">Histoire de l'art pendant la Renaissance / </subfield>
    <subfield code="c">par Eug&#xE8;ne M&#xFC;ntz.</subfield>
  </datafield>
  <datafield tag="260" ind1=" " ind2=" ">
    <subfield code="a">Paris : </subfield>
    <subfield code="b">Librairie Hachette et C., </subfield>
    <subfield code="c">1889-1895 (</subfield>
    <subfield code="f">Imprimerie Lahure)</subfield>
  </datafield>
  <datafield tag="300" ind1=" " ind2=" ">
    <subfield code="a">3 v. : </subfield>
    <subfield code="b">il., l&#xE1;m. ; </subfield>
    <subfield code="c">30 cm.</subfield>
  </datafield>
  <datafield tag="505" ind1="8" ind2=" ">
    <subfield code="a">T.I. Italie : les primitifs (744 p., [32 ] h. de l&#xE1;m.) -- T. II. Italie : L'Age d'or (864 p., [37] h. de l&#xE1;m.) -- T. III. La fin de la Renaissance, Michel-Ange, Le Corr&#xE8;ge, les V&#xE8;nitiens (757 p., [30] h. de l&#xE1;m.)</subfield>
  </datafield>
  <datafield tag="650" ind1="0" ind2="4">
    <subfield code="a">Arte renacentista-</subfield>
    <subfield code="z">Italia</subfield>
    <subfield code="9">10293</subfield>
  </datafield>
  <datafield tag="852" ind1=" " ind2=" ">
    <subfield code="a">ES-MaACL</subfield>
    <subfield code="j">B-3832-3834 </subfield>
    <subfield code="z">-- Enc. pasta espa&#xF1;ola, conservando las cubs. originales</subfield>
    <subfield code="x">-- Edic.: T. I. (744 p., [33] h. l&#xE1;m.) -- T. II. (864 p., [37] h. l&#xE1;m.) -- T. III. (757 p., [30] h. l&#xE1;m.)</subfield>
  </datafield>
  <datafield tag="999" ind1=" " ind2=" ">
    <subfield code="c">160399</subfield>
    <subfield code="d">160399</subfield>
  </datafield>
  <datafield tag="952" ind1=" " ind2=" ">
    <subfield code="0">0</subfield>
    <subfield code="1">0</subfield>
    <subfield code="4">0</subfield>
    <subfield code="7">0</subfield>
    <subfield code="8">LIBXIX</subfield>
    <subfield code="a">ATENEOM</subfield>
    <subfield code="b">ATENEOM</subfield>
    <subfield code="c">SPB</subfield>
    <subfield code="d">2008-01-17</subfield>
    <subfield code="e">SSC</subfield>
    <subfield code="l">0</subfield>
    <subfield code="o">B-3832-3834</subfield>
    <subfield code="p">1167949</subfield>
    <subfield code="r">2023-02-23 00:00:00</subfield>
    <subfield code="w">2023-02-23</subfield>
    <subfield code="y">MONANT</subfield>
  </datafield>
</record>
